000 00421pam a2200169a 44500
008 230405s2011 xxu||||| |||| 00| 0 eng d
020 _a9789350252123
_cRs. 1821
082 _a617
_bBEH
100 _aBehera, D
245 _aText book of Respiratory Medicine
260 _aNew Delhi
_bJaypee Pub
_c2011
300 _a979 p
700 _aGupta, KB
700 _aGopal, Bharat
700 _aGaur, SN
906 _a000353
999 _c249093
_d249093